LDR 00535naa#a2200193#i#450# 001 EN\\bibl\9378 005 20260414064913.2 011 ## _a1609-3178 100 ## _a20151216b2015####ek#y0engy0150####ca 101 0# _aRUS 102 ## _aRU 200 1# _aMethod activation end date in the past. direction:re _eJournal article 210 1# _aSaint-Petersburg _cLLC SVEN _d2015 215 ## _a2 с. 608 ## _aJournal article _2local 700 #1 _aPalienko _gAleksandr 700 #1 _aNekhotiashchiy _gVladimir 700 #1 _aGopkalo _gAleksey 856 4# _azh-szf.ru _u